Annales de Philosophie Politique

Spremljeno u:
Bibliografski detalji
Autor kompanije: Institut International de Philosophie Politique (Autor)
Format: Knjiga
Jezik:francuski
Izdano: París Universitaires de France 1956
Serija:Commentaria in Aristotelem Graeca
Teme:
Oznake: Dodaj oznaku
Bez oznaka, Budi prvi tko označuje ovaj zapis!

MARC

LEADER 00000nam a2200000 a 4500
001 UCZ5600
003 CL-VaPUC
008 951124e19560000FR |||||||||||||||||fre|d
082 0 4 |a 320.01  |b INS  |2 21 
110 2 |a Institut International de Philosophie Politique  |e author  |9 349712 
245 1 0 |a Annales de Philosophie Politique 
300 |a v 
942 |c BK 
945 |d 19951124 00:00:00  |a cmena 
260 |a París  |b Universitaires de France  |c 1956 
500 |a v.1: Le pouvoir 
500 |a v.2: Le pouvoir 
500 |a v.3: Le droit natural 
500 |a v.4: La philosophie politique de Kant 
500 |a v.5: Rousseau et la philosophie politique 
500 |a v.6: L'idée de philosophie politique 
500 |a v.7: L' idee de legitimite 
500 |a v.8: L'idée de nation 
600 0 |a Rousseau, Jean Jacques  |e autor  |9 255697 
650 7 |a FILOSOFIA POLITICA  |2 CL-VaPUC  |9 349713 
650 0 |a Poder político  |9 255509 
650 0 |a Ideologías  |9 255200 
650 0 |a Doctrinas políticas  |9 255835 
650 0 |a Totalitarismo  |9 255261 
583 |a last modification  |c 20150924 22:06:13  |k Rodrigo Vera 
490 0 |a Commentaria in Aristotelem Graeca 
999 |c 241893  |d 241891 
952 |0 0  |1 0  |4 0  |6 320_010000000000000_INS_1956  |7 0  |8 P  |9 254522  |a BIBEDU  |b BIBEDU  |c BIBEDU_PB  |d 2019-11-19  |h v.1  |i 1578464  |o 320.01 INS 1956  |p 1578464  |r 2024-01-25  |w 2019-11-19  |y BK  |k FIL 
952 |0 0  |1 0  |4 0  |6 320_010000000000000_INS_1956  |7 0  |8 P  |9 254523  |a BIBEDU  |b BIBEDU  |c BIBEDU_PB  |d 2019-11-19  |h v.5  |i 1578472  |o 320.01 INS 1956  |p 1578472  |r 2024-01-25  |w 2019-11-19  |y BK  |k FIL 
952 |0 0  |1 0  |4 0  |6 320_010000000000000_INS_1956  |7 0  |8 P  |9 254524  |a BIBEDU  |b BIBEDU  |c BIBEDU_PB  |d 2019-11-19  |h v.6  |i 1578456  |o 320.01 INS 1956  |p 1578456  |r 2024-01-25  |w 2019-11-19  |y BK  |k FIL 
952 |0 0  |1 0  |4 0  |6 320_010000000000000_INS_1956  |7 0  |8 P  |9 254525  |a BIBEDU  |b BIBEDU  |c BIBEDU_PB  |d 2019-11-19  |h v.8  |i 1578413  |o 320.01 INS 1956  |p 1578413  |r 2024-01-25  |w 2019-11-19  |y BK  |k FIL 
952 |0 0  |1 0  |4 0  |6 320_010000000000000_INS_1956  |7 0  |8 DER_TF  |9 254526  |a BIBDER  |b BIBDER  |d 2019-11-19  |h v.7  |i 1880411  |o 320.01 INS 1956  |p 1880411  |r 2023-01-25  |w 2019-11-19  |x Ubicación 4to Piso  |y BK  |z Estos recursos deben solicitarse con anticipación  |k DER 
952 |0 0  |1 0  |4 0  |6 320_010000000000000_INS_1956  |7 0  |8 DER_TF  |9 254527  |a BIBDER  |b BIBDER  |d 2019-11-19  |h v.2  |i 1880039  |o 320.01 INS 1956  |p 1880039  |r 2023-01-25  |w 2019-11-19  |x Ubicación 4to Piso  |y BK  |z Estos recursos deben solicitarse con anticipación  |k DER 
952 |0 0  |1 0  |4 0  |6 320_010000000000000_INS_1956  |7 0  |8 DER_TF  |9 254528  |a BIBDER  |b BIBDER  |d 2019-11-19  |h v.1  |i 188008K  |o 320.01 INS 1956  |p 188008K  |r 2023-01-25  |w 2019-11-19  |x Ubicación 4to Piso  |y BK  |z Estos recursos deben solicitarse con anticipación  |k DER 
952 |0 0  |1 0  |4 0  |6 320_010000000000000_INS_1956  |7 0  |8 DER_TF  |9 254529  |a BIBDER  |b BIBDER  |d 2019-11-19  |h v.6  |i 1880640  |o 320.01 INS 1956  |p 1880640  |r 2023-01-25  |w 2019-11-19  |x Ubicación 4to Piso  |y BK  |z Estos recursos deben solicitarse con anticipación  |k DER 
952 |0 0  |1 0  |4 0  |6 320_010000000000000_INS_1956  |7 0  |8 DER_TF  |9 254530  |a BIBDER  |b BIBDER  |d 2019-11-19  |h v.5  |i 188090K  |o 320.01 INS 1956  |p 188090K  |r 2023-01-25  |w 2019-11-19  |x Ubicación 4to Piso  |y BK  |z Estos recursos deben solicitarse con anticipación  |k DER 
952 |0 0  |1 0  |4 0  |6 320_010000000000000_INS_1956  |7 0  |8 P  |9 254531  |a BIBEDU  |b BIBEDU  |c BIBEDU_PB  |d 2019-11-19  |h v.4  |i 1571362  |o 320.01 INS 1956  |p 1571362  |r 2024-01-25  |w 2019-11-19  |y BK  |k FIL 
952 |0 0  |1 0  |4 0  |6 320_010000000000000_INS_1956  |7 0  |8 DER_TF  |9 254532  |a BIBDER  |b BIBDER  |d 2019-11-19  |h v.3  |i 1884093  |o 320.01 INS 1956  |p 1884093  |r 2023-01-25  |w 2019-11-19  |x Ubicación 4to Piso  |y BK  |z Estos recursos deben solicitarse con anticipación  |k DER 
952 |0 0  |1 0  |4 0  |6 320_010000000000000_INS_1956  |7 0  |8 A  |9 254533  |a BIBHIS  |b BIBHIS  |d 2019-11-19  |h v.7  |i 1208195  |o 320.01 INS 1956  |p 1208195  |r 2025-01-20  |w 2019-11-19  |y BK  |k HIS